Pedoman Dzikir Dan Doa
| Main Author: | |
|---|---|
| Format: | Book |
| Published: |
Batu Caves :
Thinker's Library Sdn Bhd ,
19-?
|
| Subjects: |
MARC
| LEADER | 00000cam a2200000 7i4500 | ||
|---|---|---|---|
| 001 | 0000012248 | ||
| 002 | 000013343 | ||
| 005 | 20000330.0 | ||
| 020 | |a 9676900338 | ||
| 090 | 0 | 0 | |a 297.12 |b HAS |
| 100 | 0 | |a Hasbi Ash-Shiddieqy | |
| 245 | 1 | 0 | |a Pedoman Dzikir Dan Doa |c Hasbi Ash-Shiddieqy |
| 260 | |a Batu Caves : |b Thinker's Library Sdn Bhd , |c 19-? | ||
| 300 | |a 556p. ; |c 20cm. | ||
| 650 | 0 | 0 | |a Chants (Sufi) |
| 999 | |a 043758 |b BUKU |c PINJAMAN |e PERPUSTAKAAN KOMUNITI PETALING JAYA | ||